Statistics for FIFA 15 Nations with the highest rated player

Click here to take the quiz!

General Stats

  • This quiz has been taken 90 times
  • The average score is 7 of 18

Answer Stats

HintAnswer% Correct
93Argentina Messi
100%
92Portugal Ronaldo
97%
90Germany Neuer
84%
89Spain Iniesta
55%
90Netherlands Robben
48%
90Sweden Zlatan
47%
88France Ribery
36%
89Uruguay Suarez
32%
88Belgium Hazard
31%
87Brazil Thiago Silva
28%
88Colombia Falcao
25%
86England Rooney
25%
85Chile Vidal
19%
87Poland Lewandowski
16%
87Wales Bale
16%
87Croatia Modric
13%
86Ivory Coast Yaya
11%
85Czech Republic Cech
8%

Score Distribution

Percentile by Number Answered

Percent of People with Each Score

Your Score History

You have not taken this quiz